Cities in the Mongol Empire - Sudden Death - Statistics

General Stats
  • This quiz has been taken 40 times
    38 since last reset
  • The average score is 5 of 16
Answers on the Grid
Answers color-coded by a green-red scale on the quiz's grid according to % correct below.
Seoul
Krakow
Jerusalem
Taipei
Tokyo
Singapore
Baghdad
Istanbul
Bucharest
Shanghai
Moscow
Warsaw
Karachi
Srinagar
Hanoi
Tashkent
Almaty
Balkh
Quetta
Isfahan
Yerevan
St. Petersburg
Berlin
Bratislava
Lhasa
Delhi
Dubai
Kyiv
Angkor
Chengdu
Minsk
Yokohama
 
Answer Stats
Answer % Correct
Seoul
68%
Baghdad
61%
Moscow
43%
Shanghai
43%
Yerevan
36%
Almaty
29%
Chengdu
29%
Isfahan
29%
Lhasa
29%
Balkh
25%
Tashkent
25%
Bucharest
18%
Kyiv
18%
Srinagar
18%
Quetta
14%
Minsk
11%
No matching quizzes found
Score Distribution
Percent of People with Each Score
Percentile by Number Answered
Your Score History
You have not taken this quiz since the last reset